|
|
|
|
| LEADER |
00000caa a22000002c 4500 |
| 001 |
1640169962 |
| 003 |
DE-627 |
| 005 |
20220608131319.0 |
| 007 |
tu |
| 008 |
160223s1991 xx ||||| 00| ||eng c |
| 035 |
|
|
|a (DE-627)1640169962
|
| 035 |
|
|
|a (DE-576)456070613
|
| 035 |
|
|
|a (DE-599)BSZ456070613
|
| 040 |
|
|
|a DE-627
|b ger
|c DE-627
|e rakwb
|
| 041 |
|
|
|a eng
|
| 100 |
1 |
|
|a Grubin, D. H.
|4 aut
|
| 245 |
1 |
4 |
|a The classification of sexual offenders
|c D.H Grubin, H.G Kennedy
|
| 264 |
|
1 |
|c 1991
|
| 336 |
|
|
|a Text
|b txt
|2 rdacontent
|
| 337 |
|
|
|a ohne Hilfsmittel zu benutzen
|b n
|2 rdamedia
|
| 338 |
|
|
|a Band
|b nc
|2 rdacarrier
|
| 700 |
1 |
|
|a Kennedy, H. G.
|4 aut
|
| 773 |
0 |
8 |
|i In
|t Criminal behaviour and mental health
|d Chichester : Wiley, 1991
|g 1(1991), 2, Seite 123-129
|w (DE-627)17051174X
|w (DE-600)1068323-9
|w (DE-576)026323311
|x 0957-9664
|7 nnas
|
| 773 |
1 |
8 |
|g volume:1
|g year:1991
|g number:2
|g pages:123-129
|
| 935 |
|
|
|a mkri
|
| 951 |
|
|
|a AR
|
| ELC |
|
|
|b 1
|
| LOK |
|
|
|0 000 xxxxxcx a22 zn 4500
|
| LOK |
|
|
|0 001 3301565115
|
| LOK |
|
|
|0 003 DE-627
|
| LOK |
|
|
|0 004 1640169962
|
| LOK |
|
|
|0 005 20160223101252
|
| LOK |
|
|
|0 008 160208||||||||||||||||ger|||||||
|
| LOK |
|
|
|0 040
|a DE-21-110
|c DE-627
|d DE-21-110
|
| LOK |
|
|
|0 689
|a s
|a Sexualstraftäter
|
| LOK |
|
|
|0 852
|z Kein Bestand am IfK; Nachweis für KrimDok
|
| LOK |
|
|
|0 852
|a DE-21-110
|
| LOK |
|
|
|0 852 1
|m v
|9 00
|
| LOK |
|
|
|0 935
|a k110
|
| LOK |
|
|
|0 938
|k v
|
| LOK |
|
|
|0 939
|a 08-02-16
|b l01
|
| ORI |
|
|
|a SA-MARC-krimdoka001.raw
|